000 00455nam a2200181Ia 4500
008 240925s9999 xx 000 0 und d
020 _a002800762x
082 _a621.381 GRO
100 _aGrob, Bernard
245 0 _aGrob Basic Electronics
250 _a7th
260 _aNew Delhi:
_bBPB Publication
_c,1993.
300 _ax,585p.
_bNA
_fPirated
500 _aIncludes Index
600 _aElectronic Engineering
650 _aTechnology
942 _cBK
999 _c3457
_d3457